Statistics for Kandidáti na českého prezidenta 2018

Click here to take the quiz!

General Stats

  • This quiz has been taken 217 times
  • The average score is 5 of 9

Answer Stats

Kandidáti% Correct
Miloš Zeman
98%
Jiří Drahoš
82%
Pavel Fischer
69%
Marek Hilšer
65%
Mirek Topolánek
47%
Michal Horáček
45%
Vratislav Kulhánek
35%
Petr Hannig
34%
Jiří Hynek
26%

Score Distribution

Percentile by Number Answered

Percent of People with Each Score

Your Score History

You have not taken this quiz